Will they ever trust us again? : (Record no. 13398)

000 -LEADER
fixed length control field 01334cam a22003254a 4500
001 - CONTROL NUMBER
control field 13718038
005 - DATE AND TIME OF LATEST TRANSACTION
control field 20170105102420.0
008 - FIXED-LENGTH DATA ELEMENTS--GENERAL INFORMATION
fixed length control field 040914s2004 nyu 000 0 eng
010 ## - LIBRARY OF CONGRESS CONTROL NUMBER
LC control number 2004058901
020 ## - INTERNATIONAL STANDARD BOOK NUMBER
International Standard Book Number 0743271521
040 ## - CATALOGING SOURCE
Original cataloging agency DLC
Transcribing agency DLC
Modifying agency DLC
042 ## - AUTHENTICATION CODE
Authentication code pcc
043 ## - GEOGRAPHIC AREA CODE
Geographic area code n-us---
050 00 - LIBRARY OF CONGRESS CALL NUMBER
Classification number DS79.76
Item number .W55 2004
082 00 - DEWEY DECIMAL CLASSIFICATION NUMBER
Classification number 355.0092273
Edition number 22
245 00 - TITLE STATEMENT
Title Will they ever trust us again? :
Remainder of title letters from the war zone
Statement of responsibility, etc. Michael Moore.
260 ## - PUBLICATION, DISTRIBUTION, ETC.
Place of publication, distribution, etc. New York :
Name of publisher, distributor, etc. Simon & Schuster,
Date of publication, distribution, etc. 2004.
300 ## - PHYSICAL DESCRIPTION
Extent xiv, 218 p. ;
Dimensions 22 cm.
650 #0 - SUBJECT ADDED ENTRY--TOPICAL TERM
Topical term or geographic name entry element Iraq War, 2003-2011
Form subdivision Personal narratives, American.
650 #0 - SUBJECT ADDED ENTRY--TOPICAL TERM
Topical term or geographic name entry element Soldiers
Geographic subdivision United States
Form subdivision Correspondence.
651 #0 - SUBJECT ADDED ENTRY--GEOGRAPHIC NAME
Geographic name United States
General subdivision History, Military
Form subdivision Sources.
651 #0 - SUBJECT ADDED ENTRY--GEOGRAPHIC NAME
Geographic name United States
General subdivision Armed Forces
Form subdivision Biography.
700 1# - ADDED ENTRY--PERSONAL NAME
Personal name Moore, Michael,
Dates associated with a name 1954 April 23-
856 41 - ELECTRONIC LOCATION AND ACCESS
Materials specified Table of contents only
Uniform Resource Identifier <a href="http://www.loc.gov/catdir/toc/fy0708/2004058901.html">http://www.loc.gov/catdir/toc/fy0708/2004058901.html</a>
856 42 - ELECTRONIC LOCATION AND ACCESS
Materials specified Publisher description
Uniform Resource Identifier <a href="http://www.loc.gov/catdir/description/simon051/2004058901.html">http://www.loc.gov/catdir/description/simon051/2004058901.html</a>
856 41 - ELECTRONIC LOCATION AND ACCESS
Materials specified Sample text
Uniform Resource Identifier <a href="http://www.loc.gov/catdir/enhancements/fy0640/2004058901-s.html">http://www.loc.gov/catdir/enhancements/fy0640/2004058901-s.html</a>
906 ## - LOCAL DATA ELEMENT F, LDF (RLIN)
a 7
b cbc
c orignew
d 1
e ocip
f 20
g y-gencatlg
942 ## - ADDED ENTRY ELEMENTS (KOHA)
Source of classification or shelving scheme
Koha item type Book
Holdings
Withdrawn status Lost status Damaged status Not for loan Collection code Permanent Location Current Location Shelving location Date acquired Source of acquisition Total Checkouts Full call number Barcode Date last seen Price effective from Koha item type
          Central Library (CL) Central Library (CL) Fiction 12/12/2015 Donation   355.0092273 MOO SEECSD01204 12/14/2015 12/14/2015 Book
© 2023 Central Library, National University of Sciences and Technology. All Rights Reserved.